00390 a2200145 4500003000400000005001700004008004100021020001800062040000900080082001500089100002800104245007900132260002300211300001000234OSt20230915102748.0230908b |||||||| |||| 00| 0 eng d a9789354080692 coclc a070bKAR/J aKarackat, S D B Francis aJOURNALISM: bA MANUAL FOR BUDDING REPORTERS / cDr. Francis Karackat SDB aKochi:bDon Bosco, a244 p